Truth in lending : (Record no. 18960)
[ view plain ]
| 000 -LEADER | |
|---|---|
| fixed length control field | 01568cam a2200301 a 4500 |
| 001 - CONTROL NUMBER | |
| control field | 16144587 |
| 005 - DATE AND TIME OF LATEST TRANSACTION | |
| control field | 20150211130335.0 |
| 008 - FIXED-LENGTH DATA ELEMENTS--GENERAL INFORMATION | |
| fixed length control field | 100319t2011 xxkao frb f001 0 eng d |
| 010 ## - LIBRARY OF CONGRESS CONTROL NUMBER | |
| LC control number | 2010011240 |
| 020 ## - INTERNATIONAL STANDARD BOOK NUMBER | |
| International Standard Book Number | 9780195172959 (hbk. : alk. paper) |
| 040 ## - CATALOGING SOURCE | |
| Original cataloging agency | DLC |
| Transcribing agency | DLC |
| Modifying agency | DLC |
| -- | EG-ScBUE |
| 043 ## - GEOGRAPHIC AREA CODE | |
| Geographic area code | n-us--- |
| 082 00 - DEWEY DECIMAL CLASSIFICATION NUMBER | |
| Classification number | 346.73073 |
| Edition number | 22 |
| Item number | DUR |
| 100 1# - MAIN ENTRY--PERSONAL NAME | |
| Personal name | Durkin, Thomas A. |
| 9 (RLIN) | 37371 |
| 245 10 - TITLE STATEMENT | |
| Title | Truth in lending : |
| Remainder of title | theory, history, and a way forward / |
| Statement of responsibility, etc | Thomas A. Durkin, Gregory Elliehausen. |
| 260 ## - PUBLICATION, DISTRIBUTION, ETC. (IMPRINT) | |
| Place of publication, distribution, etc | Oxford, United Kingdom ; |
| -- | New York, United States : |
| Name of publisher, distributor, etc | Oxford University Press, |
| Date of publication, distribution, etc | c.2011. |
| 300 ## - PHYSICAL DESCRIPTION | |
| Extent | xvii, 364 p. : |
| Other physical details | photographs, tables ; |
| Dimensions | 25 cm. |
| 500 ## - GENERAL NOTE | |
| General note | Index : p. 361-364. |
| 504 ## - BIBLIOGRAPHY, ETC. NOTE | |
| Bibliography, etc | Bibliography : p. 345-359. |
| 505 0# - FORMATTED CONTENTS NOTE | |
| Formatted contents note | The evolution of TILA : the truth can be hard to handle-Disclosures in the regulatory scheme-Why disclosures ? -What is truth in lending ? Key conceptual problems facing the Truth in Lending Act-The outlay and unknown future events issues : closed end credit-The outlay and unknown future events issues : open end credit-The rubber meets the road : evaluating the effectiveness of the Truth in Lending Act-Suggestions for a way forward. |
| 650 #0 - SUBJECT ADDED ENTRY--TOPICAL TERM | |
| Topical term or geographic name as entry element | Consumer credit |
| General subdivision | Law and legislation |
| Geographic subdivision | United States |
| 9 (RLIN) | 37372 |
| 650 #0 - SUBJECT ADDED ENTRY--TOPICAL TERM | |
| Topical term or geographic name as entry element | Interest |
| General subdivision | Law and legislation |
| Geographic subdivision | United States |
| 9 (RLIN) | 37373 |
| 650 #0 - SUBJECT ADDED ENTRY--TOPICAL TERM | |
| Topical term or geographic name as entry element | Disclosure of information |
| General subdivision | Law and legislation |
| Geographic subdivision | United States |
| 9 (RLIN) | 37374 |
| 653 ## - INDEX TERM--UNCONTROLLED | |
| Resource For college | BAEPS, Economics |
| Arrived date list | February2015 |
| 655 ## - INDEX TERM--GENRE/FORM | |
| Form subdivision | |
| -- | 34232 |
| 700 1# - ADDED ENTRY--PERSONAL NAME | |
| Personal name | Elliehausen, Gregory E. |
| 9 (RLIN) | 37375 |
| 942 ## - ADDED ENTRY ELEMENTS (KOHA) | |
| Source of classification or shelving scheme | Dewey Decimal Classification |
| Call number prefix | 346.73073 DUR |
| Withdrawn status | Item status | Source of classification or shelving scheme | Damaged status | Not for loan | Vendor | Home library | Current library | Shelving location | Date acquired | Source of acquisition | Cost, normal purchase price | Serial Enumeration / chronology | Total Checkouts | Full call number | Barcode | Date last seen | Cost, replacement price | Koha item type |
|---|---|---|---|---|---|---|---|---|---|---|---|---|---|---|---|---|---|---|
| Dewey Decimal Classification | Baccah | Central Library | Central Library | First floor | 11/02/2015 | 501.00 | 21291 | 346.73073 DUR | 000037389 | 15/07/2025 | 626.00 | Book - Borrowing |